00311nam a2200121Ia 4500008004100000020001500041041001200056100002100068245005200089260002500141300000800166650001500174221030s9999 xx 000 0 und d a8184881943 aEnglish aB. A. Chansarkar 0aCases in Indian Managementcby B. A. Chansarkar bHPHaNew Delhic2010 a133 aManagement